000 02164aam a2200349 a 4500
001 768714
003 CO-MdFUSB
005 20250924092624.0
008 170131t2012 ck ||||| |||| 00| 0 spa d
020 _a9780980629378
040 _aCO-MdFUSB
_bspa
_cCO-MdFUSB
_dCO-MdFUSB
_erda
041 _aspa
082 _223
_aG 251
_bG624c
100 _aGoldsworthy, Graeme
_eautor
245 _aCómo predicar de Cristo usando toda la Biblia
_b: cómo aplicar la teología bíblica en una predicación expositiva
_c/ Graeme Goldsworthy ; traducido por Kalina Vera Ursic
264 1 _bTorrentes de vida,
_aColombia :
_c[2012]
264 4 _c©2012
300 _a347 páginas
_b:
_c; 21 cm.
336 _2rdacontent
_a1
_ba1
337 _2rdamedia
_a2
_b5
338 _2rdacarrier
_a2
_b5
505 _aParte I: Preguntas básicas sobre La predicación y la biblia: ¿Qué es la Biblia? -- Qué es la teología bíblica? -- ¿Qué es la predicación? -- ¿Jesús era un teólogo bíblico -- ¿Qué clase de unidad tiene la Biblia? -- ¿Cómo funciona el evangelio en la Biblia? -- ¿Cuál es la estructura de la revelación bíblica -- ¿Puedo predicar un sermón cristiano sin mencionar a Jesús?
505 _aParte II: Cómo aplicar la teología Bíblica a la predicación -- Introducción a la segunda parte: Cristo en todas las Escrituras -- La predicación de los textos histórico-narrativos del Antiguo Testamento -- La predicación de la ley del Antiguo -- La predicación sobre los profetas del Antiguo Testamento -- La predicación de la literatura sapiencial -- La predicación de Los Salmos – Introducción -- La predicación de los textos apocalípticos -- La predicación de los Evangelios -- La predicación de Los Hechos y de las Epístolas -- La predicación de la teología bíblica.
534 _cPreaching the whole bible as Christian scripture de graeme Goldsworthy
_pTítulo original el inglés
563 _arústico
600 7 _aJesucristo
_xEnseñanza bíblica
650 0 _954
_aPredicación
653 _aPredicación expositiva
700 _9711
_aVera Ursic, Kalina
_etraductor
942 _cBK
945 _aElías Tolentino
999 _c63788
_d63788